000 01287cam a22003617a 4500
003 CHAP
005 20220329134059.0
008 971013s1983 r 00010 d
010 _a15114
011 _a16086
035 _a20164
040 _cCHAP
090 _aTesis
100 0 0 _aGrassi Cantero, Benjamín Alberto.
_950457
245 0 _aRiesgo de primeras y últimas heladas en Puebla y Tlaxcala respecto a los cultivos básicos
260 _aChapingo, Méx., :
_bEl autor,
_c1983
300 _a120 h.
_b: apénd. : gráfs
502 _aTesis (M.C. Esp. en Agrometeorología) -- Colegio de Postgraduados. Centro de Agrometeorología
590 _aALEPH
_b10
_c20130110
_lUCH01
_h1237
590 _aBATCH-UPD
_b10
_c20130110
_lUCH01
_h0024
590 _aBATCH-UPD
_b10
_c20130110
_lUCH01
_h2234
590 _aBATCH-UPD
_b10
_c20130409
_lUCH01
_h2005
590 _aBATCH-UPD
_b10
_c20130914
_lUCH01
_h0949
590 _aCONVERSION
_b10
_c20130109
_lUCH01
_h1310
650 1 4 _aClima
_xPuebla.
_923840
650 1 4 _aClima
_zTlaxcala.
_923858
650 1 4 _aHeladas
_xEfecto en plantas.
_953402
901 _aBK
942 _cFOLL
949 _bBC
_cTES
_d-47085
_eTS1
_i20164
_si
949 _bBC
_cTES
_d33724000981676
_eTS2
_fc.2
_i20164
_si
949 _bBC
_cTES
_d33724000981734
_eTS2
_fc.3
_i20164
_si
999 _c15114
_d15114